Metódy prognózovania rozvoja vzdelávania

Bibliographic Details
Main Author: Benčo, Jozef, 1938-2013 (Author)
Format: Article
Language:Slovak
PhysicalDescription:Lit. 4 zázn. v češ., slov.
Subjects:

MARC

LEADER 00000nab a2200000 a 4500
001 vtls000539822
003 SK-MaSNL
005 20260426080839.0
008 250425c1994 xo 0 slo
015 |a SNBRB19rr/mm-uuuuu 
035 |a CL0539960 
035 |a urn:nbn:sk:snk-ab7jar 
035 |a (urnnbn)urn:nbn:sk:snk:ar-005yb7 
035 |a (uuid)3642c02a-c806-4e4c-a8d2-39300c9b7cfc 
040 |a SNKBUCL  |b slo  |c SNKBUCL  |e AACR2 
041 0 |a slo 
044 |a xo  |c SK 
080 |a 37.014.542  |2 1981 
100 1 |a Benčo, Jozef,  |d 1938-2013  |4 aut  |9 101359 
245 1 0 |a Metódy prognózovania rozvoja vzdelávania  |c Jozef Benčo 
300 |b Lit. 4 zázn. v češ., slov. 
650 0 7 |a výchova  |2 snkbucl  |9 957 
650 0 7 |a vzdelávanie  |2 snkbucl  |9 4033 
650 0 7 |a metódy prognózovania  |2 snkbucl  |9 1388115 
655 7 |a články z novín a časopisov  |2 snkbucl  |9 267496 
773 0 |t Pedagogická revue  |g Roč. 46, č. 9-10 (1994), s. 484-493 
850 |a Slovenská národná knižnica 
852 |a Slovenská národná knižnica 
954 |a odborná, vedecká literatúra pôvodná (slovenská)  |2 lita 
958 |a article7 
958 |a OND 
958 |a RK 
958 |a EUIPO 
992 |a RBX 
999 |c 2822364  |d 2824294